Stuck in the Middle with 'M' Quiz Stats

 Plays Quiz Updated Dec 30, 2016

Support Sporcle.
Go Orange.
Score 0/25 Timer 05:00
0 Plays Today
% Correct
mall
90.8%
moo
89.5%
man
89.5%
men
88.5%
mat
88.4%
mop
87.7%
mid
87.6%
mad
87.5%
mine
86.4%
mire
86.1%
mom
86%
mage
85.4%
mud
84.7%
% Correct
met
84.4%
map
83.6%
mist
80.9%
ma
79.9%
miss
79.3%
mate
79.2%
main
77.3%
me
76.2%
meter
72%
media
71.5%
my
71.4%
mite
68.3%

You're not logged in!

Compare scores with friends on all Sporcle quizzes.
OR
Log In
Forgot?

From the Vault

Countries in Shakespeare

by johnlk

Christopher Marlowe's ghost is probably very upset that we published this quiz.
Remove Ads.
Support Sporcle.
Get the best of Sporcle when you Go Orange. This ad-free experience offers more features, more stats, and more fun while also helping to support Sporcle. Thank you for becoming a member.

Show Comments

Extras

Top Quizzes Today


Score Distribution

Your Account Isn't Verified!

In order to create a playlist on Sporcle, you need to verify the email address you used during registration. Go to your Sporcle Settings to finish the process.

Report this User

Report this user for behavior that violates our Community Guidelines.

Details: